[Event "SRB-chT 2nd League East"]
[Site "Knic"]
[Date "2019.09.08"]
[Round "4.4"]
[White "Spasic, Petar"]
[Black "Stojiljkovic, Stefan Z"]
[Result "1-0"]
[WhiteElo "2095"]
[BlackElo "2126"]
[PlyCount "131"]
[EventDate "2019.09.06"]
[EventType "team-tourn"]
[EventRounds "11"]
[EventCountry "SRB"]
[SourceTitle "EXT 2020"]
[Source "ChessBase"]
[SourceDate "2019.10.17"]
[SourceVersion "1"]
[SourceVersionDate "2019.10.17"]
[SourceQuality "1"]
[WhiteTeam "Surdulica Radnik"]
[BlackTeam "Kursumlija"]
[WhiteTeamCountry "SRB"]
[BlackTeamCountry "SRB"]

1. e4 c6 2. d4 d5 3. exd5 cxd5 4. Bd3 Nc6 5. c3 Nf6 6. Bf4 Bg4 7. Nf3 Qb6 8. b4 e6 9. 0-0 Be7 10. Nbd2 0-0 11. a4 a6 12. a5 Qd8 13. h3 Bh5 14. Qb1 Bg6 15. Ne5 Nxe5 16. Bxe5 Rc8 17. Bxg6 hxg6 18. Qd3 Qd7 19. b5 Ne4 20. Nxe4 dxe4 21. Qxe4 axb5 22. Qd3 Rc4 23. Rfb1 Qc6 24. Rb4 Ra8 25. Qb1 Rxc3 26. Rxb5 Ba3 27. d5 Rc1+ 28. Qxc1 Qxc1+ 29. Rxc1 Bxc1 30. dxe6 fxe6 31. Bc3 Rc8 32. Be5 Ra8 33. Rxb7 Rxa5 34. Rxg7+ Kf8 35. Rc7 Rxe5 36. Rxc1 Kf7 37. h4 Re2 38. g3 Ra2 39. Rc4 Rb2 40. Kg2 Ra2 41. Kf3 Ra5 42. g4 Kf6 43. Kg3 g5 44. hxg5+ Kxg5 45. f4+ Kf6 46. g5+ Kf7 47. Rc7+ Kg6 48. Re7 Kh5 49. Rxe6 Ra3+ 50. Kf2 Kg4 51. Rf6 Kh5 52. Rh6+ Kg4 53. Rf6 Kh5 54. g6 Kh6 55. f5 Kg7 56. Rf7+ Kg8 57. Rh7 Ra5 58. Rh5 Ra6 59. Kg3 Kg7 60. Rh7+ Kg8 61. Kg4 Ra1 62. Kg5 Ra2 63. Rb7 Kf8 64. Rb8+ Ke7 65. f6+ Ke6 66. Re8+ 1-0

[Event "SRB-chT2 East"]
[Site "Serbia"]
[Date "2018.09.08"]
[Round "3.4"]
[White "Stojiljkovic, Stefan Z"]
[Black "Dimitrijevic, Dusan"]
[Result "1/2-1/2"]
[WhiteElo "2146"]
[BlackElo "2065"]
[PlyCount "102"]
[EventDate "2018.09.07"]
[EventType "team-tourn"]
[EventRounds "11"]
[EventCountry "SRB"]
[SourceTitle "EXT 2021"]
[Source "ChessBase"]
[SourceDate "2020.10.23"]
[SourceVersion "1"]
[SourceVersionDate "2020.10.23"]
[SourceQuality "1"]
[WhiteTeam "Kursumlija"]
[BlackTeam "Pirot Cast i Slava"]
[WhiteTeamCountry "SRB"]
[BlackTeamCountry "SRB"]

1. e4 c5 2. Nf3 g6 3. c3 Bg7 4. d4 cxd4 5. cxd4 d5 6. exd5 Nf6 7. Bb5+ Bd7 8. Bc4 0-0 9. 0-0 Bg4 10. h3 Bxf3 11. Qxf3 Qd6 12. Re1 Na6 13. b3 Nb4 14. Ba3 b5 15. Bxb5 Nfxd5 16. Nc3 Nxc3 17. Qxc3 a5 18. Rad1 Nxa2 19. Bxd6 Nxc3 20. Bxe7 Rfc8 21. Ba4 Nxd1 22. Rxd1 Ra7 23. Bc5 Rb7 24. g3 f5 25. Kf1 Kf7 26. Ke2 Ke6 27. Kd3 Kd5 28. b4 Rxb4 29. Bxb4 axb4 30. Bb3+ Kd6 31. Bc4 Rb8 32. Rb1 g5 33. g4 fxg4 34. hxg4 h6 35. Rb3 Kc6 36. Be6 Bf8 37. Kc4 Bd6 38. Rh3 b3 39. Rxb3 Rxb3 40. Kxb3 Bh2 41. Kc4 Bg1 42. f3 Kd6 43. Bc8 Be3 44. Kd3 Bc1 45. Ke4 Bb2 46. d5 Bc3 47. Be6 Ke7 48. Kf5 Bb4 49. Kg6 Bd6 50. Kxh6 Kf6 51. Bg8 Bf4 1/2-1/2

[Event "SRB-chT2 East"]
[Site "Serbia"]
[Date "2017.09.09"]
[Round "2.6"]
[White "Mijajlovic, Jovan"]
[Black "Stojiljkovic, Stefan Z"]
[Result "0-1"]
[WhiteElo "1891"]
[BlackElo "2184"]
[PlyCount "52"]
[EventDate "2017.09.08"]
[EventType "team-tourn"]
[EventRounds "11"]
[EventCountry "SRB"]
[SourceTitle "EXT 2022"]
[Source "ChessBase"]
[SourceDate "2021.10.06"]
[SourceVersion "1"]
[SourceVersionDate "2021.10.06"]
[SourceQuality "1"]

1. e4 c6 2. d4 d5 3. e5 c5 4. f4 Nc6 5. Nf3 Bg4 6. c3 cxd4 7. Qb3 Bxf3 8. Qxb7 Qc8 9. Qxc8+ Rxc8 10. gxf3 e6 11. Bb5 Nge7 12. cxd4 Nf5 13. Kf2 Nfxd4 14. Ba4 Nf5 15. Be3 Kd8 16. a3 Be7 17. Rd1 g5 18. Bxc6 Nxe3 19. Kxe3 gxf4+ 20. Kxf4 Rxc6 21. Nc3 Rg8 22. Ke3 Rg2 23. Rab1 Rc4 24. Rg1 Bc5+ 25. Kd3 Rxg1 26. b3 Rxc3+ 0-1

[Event "Nis op"]
[Site "Nis"]
[Date "2017.07.03"]
[Round "7"]
[White "Livaja, Mario"]
[Black "Stojiljkovic, Stefan Z"]
[Result "1-0"]
[WhiteElo "2254"]
[BlackElo "2183"]
[PlyCount "84"]
[EventDate "2017.06.27"]
[EventType "swiss"]
[EventRounds "9"]
[EventCountry "YUG"]
[SourceTitle "CBM 179 Extra"]
[Source "ChessBase"]
[SourceDate "2017.08.23"]
[SourceVersion "1"]
[SourceVersionDate "2017.08.23"]
[SourceQuality "1"]

1. d4 d5 2. c4 c6 3. cxd5 cxd5 4. Nc3 Nf6 5. Nf3 Nc6 6. Bf4 a6 7. e3 Bf5 8. Be2 e6 9. 0-0 Be7 10. Rc1 0-0 11. h3 h6 12. Na4 Rc8 13. a3 Ne4 14. Nd2 Nxd2 15. Qxd2 Qa5 16. Qxa5 Nxa5 17. Nb6 Rc6 18. Rxc6 Nxc6 19. Rc1 g5 20. Bg3 Rd8 21. Bc7 Re8 22. Kh1 Na7 23. Bg3 Bd8 24. Nc8 Nxc8 25. Rxc8 Kf8 26. Rb8 Bf6 27. Rxb7 e5 28. dxe5 Bc8 29. Rc7 Be7 30. Bd3 h5 31. f4 h4 32. Be1 g4 33. hxg4 Bxg4 34. Bxa6 f6 35. Bxh4 Bd8 36. Rc5 Kf7 37. Rxd5 Rh8 38. Kg1 Be6 39. Rd3 Bf5 40. Bc4+ Kg6 41. Bxf6 Bxf6 42. Rd6 Kh5 1-0

[Event "Nis op"]
[Site "Nis"]
[Date "2017.06.30"]
[Round "4"]
[White "Stojiljkovic, Stefan Z"]
[Black "Rakesh, Kumar Jena"]
[Result "0-1"]
[WhiteElo "2183"]
[BlackElo "2255"]
[PlyCount "84"]
[EventDate "2017.06.27"]
[EventType "swiss"]
[EventRounds "9"]
[EventCountry "YUG"]
[SourceTitle "CBM 179 Extra"]
[Source "ChessBase"]
[SourceDate "2017.08.23"]
[SourceVersion "1"]
[SourceVersionDate "2017.08.23"]
[SourceQuality "1"]

1. e4 c5 2. Nf3 d6 3. Bb5+ Nd7 4. c4 e5 5. Nc3 a6 6. Ba4 g6 7. d3 Bg7 8. Bg5 f6 9. Be3 Ne7 10. Qd2 0-0 11. Bh6 Nb6 12. Bxg7 Kxg7 13. Bd1 f5 14. h4 f4 15. h5 Nc6 16. Nd5 Bg4 17. Nxb6 Qxb6 18. Ng5 h6 19. Bxg4 hxg5 20. hxg6 Rh8 21. Rh7+ Kxg6 22. Bf5+ Kf6 23. Qe2 Rxh7 24. Bxh7 Nd4 25. Qh5 Qxb2 26. Rd1 f3 27. Qg6+ Ke7 28. Qxg5+ Kd7 29. Qd2 Qxd2+ 30. Kxd2 fxg2 31. Bf5+ Ke7 32. Ke3 Rg8 33. Rg1 Nxf5+ 34. exf5 Kf6 35. Kf3 Kxf5 36. a4 d5 37. cxd5 b5 38. a5 b4 39. Ke3 Rg7 40. Kd2 Kf4 41. Ke2 b3 42. d6 b2 0-1

[Event "SRB-ch U20"]
[Site "Belgrade"]
[Date "2017.05.02"]
[Round "7"]
[White "Stojiljkovic, Stefan Z"]
[Black "Rajkovic, Mladen"]
[Result "1/2-1/2"]
[WhiteElo "2158"]
[BlackElo "2328"]
[PlyCount "168"]
[EventDate "2017.04.28"]
[EventType "tourn"]
[EventRounds "9"]
[EventCountry "SRB"]
[EventCategory "1"]
[SourceTitle "CBM 178 Extra"]
[Source "ChessBase"]
[SourceDate "2017.06.22"]
[SourceVersion "1"]
[SourceVersionDate "2017.06.22"]
[SourceQuality "1"]

1. e4 e5 2. Nf3 Nc6 3. Bb5 g6 4. 0-0 Bg7 5. c3 Nge7 6. d4 exd4 7. cxd4 a6 8. Bxc6 dxc6 9. h3 0-0 10. Nc3 h6 11. Bf4 Be6 12. Re1 g5 13. Be5 f6 14. Bh2 Qd7 15. d5 Bf7 16. d6 cxd6 17. Qxd6 Rad8 18. Rad1 Qxd6 19. Bxd6 Rfe8 20. Bxe7 Rxd1 21. Rxd1 Rxe7 22. Rd8+ Bf8 23. Nd4 Bg6 24. Nf5 Bxf5 25. exf5 Kf7 26. g4 Rc7 27. Kg2 Be7 28. Rb8 Rd7 29. Ne4 Rd4 30. Kf3 Rb4 31. b3 a5 32. Ra8 Rb5 33. Nd2 Rc5 34. Nc4 a4 35. Nd2 Rc2 36. Ke3 Bb4 37. Nc4 axb3 38. axb3 Rc3+ 39. Ke2 Rxb3 40. Rb8 Bc5 41. Na5 Rb2+ 42. Kd3 b6 43. Nxc6 Rxf2 44. Rb7+ Ke8 45. Rh7 Rf3+ 46. Kc4 Rxh3 47. Kd5 Rd3+ 48. Kc4 Rg3 49. Rxh6 Rxg4+ 50. Kd5 Kf7 51. Nd8+ Kg7 52. Rg6+ Kh7 53. Ne6 Ba3 54. Rxf6 Rg1 55. Rg6 Bc1 56. Nf8+ Kh8 57. Ke6 Ba3 58. Nd7 Re1+ 59. Ne5 Bb2 60. Kf7 Rh1 61. Rg8+ Kh7 62. Nd7 Rd1 63. Nf8+ Kh6 64. Rg6+ Kh5 65. Rxb6 Ba1 66. Rb5 Rf1 67. Ne6 g4 68. f6+ Kh4 69. Ra5 Bxf6 70. Kg6 Bc3 71. Rh5+ Kg3 72. Rc5 Bb2 73. Ng5 Rf6+ 74. Kh5 Rf8 75. Rb5 Rh8+ 76. Kg6 Bd4 77. Rb3+ Kg2 78. Rb4 Rg8+ 79. Kf5 Rf8+ 80. Kxg4 Be3 81. Rb2+ Bf2 82. Ne4 Rf7 83. Rxf2+ Rxf2 84. Nxf2 Kxf2 1/2-1/2

[Event "SRB-ch U20"]
[Site "Belgrade"]
[Date "2017.05.01"]
[Round "6"]
[White "Radovanovic, Mihajlo"]
[Black "Stojiljkovic, Stefan Z"]
[Result "1/2-1/2"]
[WhiteElo "2347"]
[BlackElo "2158"]
[PlyCount "96"]
[EventDate "2017.04.28"]
[EventType "tourn"]
[EventRounds "9"]
[EventCountry "SRB"]
[EventCategory "1"]
[SourceTitle "CBM 178 Extra"]
[Source "ChessBase"]
[SourceDate "2017.06.22"]
[SourceVersion "1"]
[SourceVersionDate "2017.06.22"]
[SourceQuality "1"]

1. Nf3 d5 2. g3 c6 3. Bg2 Nf6 4. 0-0 Bf5 5. d3 e6 6. b3 Nbd7 7. Bb2 Be7 8. Nbd2 0-0 9. c4 Qc7 10. Rc1 a5 11. a3 Rfd8 12. Nh4 Bg6 13. cxd5 exd5 14. Rc2 Qb6 15. Qa1 Ne8 16. Nxg6 hxg6 17. Bd4 Qa6 18. Rb1 Nf8 19. Bh3 Bf6 20. Nf3 Bxd4 21. Qxd4 Nc7 22. Ng5 Re8 23. Qh4 f6 24. Nf3 Re7 25. a4 Rae8 26. Bf1 Nce6 27. b4 axb4 28. Qxb4 Nd8 29. e4 dxe4 30. dxe4 Qa7 31. e5 Nf7 32. Bc4 Ne6 33. exf6 gxf6 34. Re2 c5 35. Qe1 Neg5 36. Nxg5 Rxe2 37. Bxf7+ Kg7 38. Qc3 R8e5 39. Bc4 Rxf2 40. Kxf2 Rxg5 41. a5 Rf5+ 42. Kg2 Qa8 43. Rb6 Qe8 44. Rxb7+ Kh6 45. Qd2+ g5 46. Qd3 Qc6+ 47. Kg1 g4 48. Qxf5 Qg2+ 1/2-1/2

[Event "SRB-ch U20"]
[Site "Belgrade"]
[Date "2017.04.29"]
[Round "3"]
[White "Dimic, Pavle"]
[Black "Stojiljkovic, Stefan Z"]
[Result "1-0"]
[WhiteElo "2297"]
[BlackElo "2158"]
[PlyCount "57"]
[EventDate "2017.04.28"]
[EventType "tourn"]
[EventRounds "9"]
[EventCountry "SRB"]
[EventCategory "1"]
[SourceTitle "CBM 178 Extra"]
[Source "ChessBase"]
[SourceDate "2017.06.22"]
[SourceVersion "1"]
[SourceVersionDate "2017.06.22"]
[SourceQuality "1"]

1. d4 d5 2. c4 c6 3. Nc3 Nf6 4. e3 e6 5. Nf3 Nbd7 6. Qc2 Bd6 7. b3 0-0 8. Be2 Qe7 9. 0-0 e5 10. dxe5 Nxe5 11. cxd5 cxd5 12. Nb5 Nxf3+ 13. Bxf3 Bg4 14. Nxd6 Bxf3 15. Ba3 Be4 16. Nxe4 Qxa3 17. Nxf6+ gxf6 18. Rad1 Rad8 19. Rd4 Qe7 20. Rfd1 Qe6 21. Qd3 Kh8 22. Rh4 f5 23. Rf4 Rg8 24. Rxf5 Rg4 25. Rxd5 Rxd5 26. Qxd5 Qxd5 27. Rxd5 Rb4 28. Kf1 b6 29. Rf5 1-0

[Event "SRB-ch U20"]
[Site "Belgrade"]
[Date "2017.04.28"]
[Round "1"]
[White "Zegarac, Vuk"]
[Black "Stojiljkovic, Stefan Z"]
[Result "1-0"]
[WhiteElo "2304"]
[BlackElo "2158"]
[PlyCount "147"]
[EventDate "2017.04.28"]
[EventType "tourn"]
[EventRounds "9"]
[EventCountry "SRB"]
[EventCategory "1"]
[SourceTitle "CBM 178 Extra"]
[Source "ChessBase"]
[SourceDate "2017.06.22"]
[SourceVersion "1"]
[SourceVersionDate "2017.06.22"]
[SourceQuality "1"]

1. d4 d5 2. Nc3 Bf5 3. Bg5 c6 4. e3 Nd7 5. Bd3 Bxd3 6. Qxd3 h6 7. Bh4 Ngf6 8. 0-0-0 e6 9. f3 Qa5 10. e4 Bb4 11. Nge2 g5 12. Be1 0-0-0 13. a3 Bxc3 14. Bxc3 Qc7 15. Qe3 b6 16. h4 g4 17. e5 gxf3 18. gxf3 Ng8 19. Qf4 Rh7 20. Rdg1 Ne7 21. Rg2 c5 22. Qd2 Nf5 23. f4 cxd4 24. Nxd4 Nc5 25. Nxf5 exf5 26. Qd4 Ne6 27. Qd3 Qc4 28. Qxf5 Qxf4+ 29. Qxf4 Nxf4 30. Rf2 Ne6 31. Rhf1 Rd7 32. Rf6 h5 33. R1f5 a5 34. b4 Rc7 35. Kb2 d4 36. Bd2 a4 37. Bh6 Kb7 38. Rxh5 Kc6 39. Rhf5 Kd5 40. h5 Rc3 41. Bc1 Rh3 42. h6 Rh2 43. Rxf7 Rxf7 44. Rxf7 Kxe5 45. Kb1 Kd5 46. Rb7 Kc6 47. Ra7 Rh1 48. Rxa4 Nc7 49. Kb2 Nb5 50. Ra8 Nd6 51. a4 b5 52. Ra6+ Kd5 53. Bf4 Nc4+ 54. Ka2 Rh4 55. Rf6 bxa4 56. b5 Kc5 57. Rf5+ Kb6 58. Bg5 Rh2 59. Bd8+ Kb7 60. Rf7+ Ka8 61. h7 d3 62. Bg5 dxc2 63. Bc1 Ne5 64. Rf8+ Kb7 65. h8Q Rxh8 66. Rxh8 Nd3 67. Rh1 Kb6 68. Ka3 Kxb5 69. Bd2 Kc4 70. Kxa4 Nb2+ 71. Ka3 Nd1 72. Bc1 Kc3 73. Rh3+ Kc4 74. Rg3 1-0

[Event "SRB-chT 1st League"]
[Site "Kragujevac"]
[Date "2015.09.09"]
[Round "7.6"]
[White "Stojiljkovic, Stefan Z"]
[Black "Grkovic, Vladan"]
[Result "1/2-1/2"]
[WhiteElo "2134"]
[BlackElo "2167"]
[PlyCount "92"]
[EventDate "2015.09.05"]
[EventType "team-tourn"]
[EventRounds "11"]
[EventCountry "SRB"]
[SourceTitle "EXT 2016"]
[Source "ChessBase"]
[SourceDate "2015.10.08"]
[SourceVersion "1"]
[SourceVersionDate "2015.10.08"]
[SourceQuality "1"]
[WhiteTeam "Leskovac Glubocica"]
[BlackTeam "Nis Svitanja"]
[WhiteTeamCountry "SRB"]
[BlackTeamCountry "SRB"]

1. e4 e6 2. d4 d5 3. Nd2 Nf6 4. e5 Nfd7 5. Bd3 c5 6. c3 Nc6 7. Ne2 cxd4 8. cxd4 f6 9. Nf4 Nxd4 10. Qh5+ Ke7 11. Ng6+ hxg6 12. exf6+ Nxf6 13. Qxh8 Kf7 14. Qh4 e5 15. Nf3 Nxf3+ 16. gxf3 Bf5 17. Bxf5 gxf5 18. 0-0 f4 19. Re1 Bd6 20. Qh3 Rc8 21. Bd2 Rc2 22. Rad1 Qb6 23. Qf5 Rxb2 24. Rxe5 Bxe5 25. Qxe5 Rb1 26. Rc1 Rxc1+ 27. Bxc1 Qb1 28. Qxf4 a5 29. Kg2 Qg6+ 30. Kh1 Qd3 31. Kg2 Qc4 32. Qd2 b5 33. Bb2 Qxa2 34. Qc3 Qb1 35. Qc7+ Kg6 36. Qg3+ Kh6 37. Qf4+ Kh7 38. Qh4+ Kg6 39. Qg3+ Kf7 40. Qc7+ Kg6 41. Qg3+ Kh7 42. Qh4+ Kg8 43. Bxf6 gxf6 44. Qxf6 a4 45. Qe6+ Kg7 46. Qe5+ Kf7 1/2-1/2

[Event "SRB-chT 1st League"]
[Site "Kragujevac"]
[Date "2015.09.06"]
[Round "2.4"]
[White "Dragicevic, Dragan"]
[Black "Stojiljkovic, Stefan Z"]
[Result "1-0"]
[WhiteElo "2214"]
[BlackElo "2134"]
[PlyCount "75"]
[EventDate "2015.09.05"]
[EventType "team-tourn"]
[EventRounds "11"]
[EventCountry "SRB"]
[SourceTitle "EXT 2016"]
[Source "ChessBase"]
[SourceDate "2015.10.08"]
[SourceVersion "1"]
[SourceVersionDate "2015.10.08"]
[SourceQuality "1"]
[WhiteTeam "Ub"]
[BlackTeam "Leskovac Glubocica"]
[WhiteTeamCountry "SRB"]
[BlackTeamCountry "SRB"]

1. d4 d5 2. c4 c6 3. Nc3 Nf6 4. Nf3 e6 5. e3 Nbd7 6. Bd3 dxc4 7. Bxc4 b5 8. Bd3 a6 9. 0-0 c5 10. Qe2 Bb7 11. Rd1 Qc7 12. Bd2 cxd4 13. exd4 Be7 14. Rac1 Qb6 15. Bf4 0-0 16. Bb1 Rac8 17. d5 Nxd5 18. Nxd5 Bxd5 19. Rxd5 exd5 20. Rxc8 Rxc8 21. Qxe7 Nf6 22. Qe3 Qa5 23. h3 Qb4 24. Qd2 Qc5 25. Nd4 Ne4 26. Bxe4 dxe4 27. Be3 Qc4 28. Qa5 Ra8 29. b3 Qd3 30. a4 bxa4 31. Qxa4 h6 32. b4 Rb8 33. Nc6 Re8 34. Bc5 Kh8 35. Qa1 Qb5 36. Nd4 Qc4 37. Nf5 f6 38. Nd6 1-0

[Event "Nis Pantelej op 3rd"]
[Site "Nis"]
[Date "2015.08.04"]
[Round "1"]
[White "Zdravkovic, Dragan S"]
[Black "Stojiljkovic, Stefan Z"]
[Result "0-1"]
[WhiteElo "1815"]
[BlackElo "2060"]
[PlyCount "92"]
[EventDate "2015.08.04"]
[EventType "swiss"]
[EventRounds "9"]
[EventCountry "SRB"]
[SourceTitle "EXT 2016"]
[Source "ChessBase"]
[SourceDate "2015.10.08"]
[SourceVersion "1"]
[SourceVersionDate "2015.10.08"]
[SourceQuality "1"]

1. Nf3 d5 2. g3 Nf6 3. Bg2 c5 4. 0-0 Nc6 5. d4 e6 6. c4 Be7 7. cxd5 exd5 8. Nc3 Be6 9. Bf4 0-0 10. Rc1 Ne4 11. Nb5 Rc8 12. dxc5 Bxc5 13. Nbd4 Qb6 14. e3 Qxb2 15. Rb1 Qxa2 16. Rxb7 Bb6 17. Nxe6 fxe6 18. Ne5 Nf6 19. Nd7 Nxd7 20. Rxd7 Rcd8 21. Rd6 Rxd6 22. Bxd6 Rd8 23. Bf4 Rf8 24. Qg4 Nd8 25. Be5 Rf7 26. h4 Qa3 27. h5 Bxe3 28. Bf3 Bb6 29. Kg2 h6 30. Ra1 Qc5 31. Ra2 d4 32. Bf4 e5 33. Bxh6 Kh8 34. Bg5 d3 35. h6 gxh6 36. Bxh6 Qd6 37. Qh5 Kg8 38. Qg5+ Kh8 39. Be4 Qf6 40. Qh5 Qe6 41. Bf4+ Kg8 42. Bxe5 Kf8 43. Bd5 Qxd5+ 44. Kh3 Qh1+ 45. Kg4 Qxh5+ 46. Kxh5 Rf5+ 0-1

[Event "SRB Central-chT qual"]
[Site "Nis"]
[Date "2014.10.04"]
[Round "4"]
[White "Bozilov, Dragan"]
[Black "Stojiljkovic, Stefan Z"]
[Result "0-1"]
[WhiteElo "1954"]
[BlackElo "2120"]
[PlyCount "126"]
[EventDate "2014.10.02"]
[EventType "team-tourn"]
[EventRounds "7"]
[EventCountry "SRB"]
[SourceTitle "CBM 163 Extra"]
[Source "ChessBase"]
[SourceDate "2014.12.23"]
[SourceVersion "1"]
[SourceVersionDate "2014.12.23"]
[SourceQuality "1"]

1. d4 d5 2. c4 c6 3. Nf3 Nf6 4. Nc3 dxc4 5. a4 Bf5 6. e3 e6 7. Bxc4 Bb4 8. 0-0 0-0 9. Ne2 Nbd7 10. Ng3 Bg6 11. Bd2 Bxd2 12. Qxd2 Ne4 13. Nxe4 Bxe4 14. Ne1 Qc7 15. Nd3 Rad8 16. a5 c5 17. f3 Bxd3 18. Bxd3 cxd4 19. exd4 Qd6 20. Be4 b6 21. Rfd1 Kh8 22. Qc3 Nf6 23. Bb7 Rd7 24. a6 Rfd8 25. Ra4 Nd5 26. Qb3 Qf4 27. Re1 Qd2 28. Rd1 Qg5 29. Bxd5 exd5 30. Re1 Re7 31. Raa1 Rde8 32. Qc3 h5 33. Rxe7 Qxe7 34. Rc1 Qg5 35. Re1 Rxe1+ 36. Qxe1 Kh7 37. Qc3 Qf5 38. Kf2 Qd7 39. Qd3+ g6 40. Qb3 Qd6 41. g3 Qc6 42. Qb4 Qc2+ 43. Kg1 Qd1+ 44. Kf2 Kg7 45. h4 Qc2+ 46. Kg1 Qd3 47. Kf2 Qxa6 48. Qe7 Qc4 49. Qe5+ Kh7 50. Qf6 Qc2+ 51. Ke3 Qc1+ 52. Kd3 Qd1+ 53. Ke3 Qc1+ 54. Kd3 Qc7 55. g4 Qd7 56. Kd2 Qe6 57. Qf4 hxg4 58. fxg4 a5 59. h5 gxh5 60. gxh5 Qh6 61. Ke3 a4 62. Qxh6+ Kxh6 63. Kf4 b5 0-1

[Event "SRB Central-chT qual"]
[Site "Nis"]
[Date "2014.10.04"]
[Round "5"]
[White "Terzic, Goran"]
[Black "Stojiljkovic, Stefan Z"]
[Result "1-0"]
[WhiteElo "2293"]
[BlackElo "2120"]
[PlyCount "53"]
[EventDate "2014.10.02"]
[EventType "team-tourn"]
[EventRounds "7"]
[EventCountry "SRB"]
[SourceTitle "CBM 163 Extra"]
[Source "ChessBase"]
[SourceDate "2014.12.23"]
[SourceVersion "1"]
[SourceVersionDate "2014.12.23"]
[SourceQuality "1"]

1. e4 c5 2. d3 g6 3. g3 Bg7 4. Bg2 Nc6 5. f4 d6 6. Nf3 Nf6 7. 0-0 0-0 8. h3 Rb8 9. g4 b5 10. Nc3 b4 11. Ne2 Nd7 12. f5 Nb6 13. Qe1 d5 14. Qh4 f6 15. Qf2 dxe4 16. dxe4 Ba6 17. Be3 Nd7 18. Rfd1 Bxe2 19. Qxe2 Qc7 20. Rd5 Kh8 21. Rad1 Rfd8 22. Qd3 Nb6 23. Rxd8+ Rxd8 24. Qe2 Na4 25. Rxd8+ Nxd8 26. Qb5 Nxb2 27. Qe8+ 1-0

[Event "Nis Pantelej op 2nd"]
[Site "Nis"]
[Date "2014.08.08"]
[Round "8"]
[White "Stojiljkovic, Stefan Z"]
[Black "Vasic, Blagoje"]
[Result "1-0"]
[WhiteElo "2121"]
[BlackElo "1968"]
[PlyCount "35"]
[EventDate "2014.08.03"]
[EventType "swiss"]
[EventRounds "9"]
[EventCountry "SRB"]
[SourceTitle "CBM 162 Extra"]
[Source "ChessBase"]
[SourceDate "2014.10.17"]
[SourceVersion "1"]
[SourceVersionDate "2014.10.17"]
[SourceQuality "1"]

1. e4 e5 2. Nf3 Nc6 3. Bc4 d6 4. h3 Na5 5. Be2 c5 6. c3 Nc6 7. Bc4 Be7 8. 0-0 Be6 9. Bxe6 fxe6 10. d4 exd4 11. cxd4 b6 12. d5 exd5 13. exd5 Ne5 14. Nxe5 dxe5 15. Qh5+ g6 16. Qxe5 Nf6 17. Re1 Kf8 18. Bh6+ 1-0

[Event "Nis Pantelej op 2nd"]
[Site "Nis"]
[Date "2014.08.05"]
[Round "4"]
[White "Stojiljkovic, Stefan Z"]
[Black "Zivkovic, Branimir"]
[Result "0-1"]
[WhiteElo "2121"]
[BlackElo "2196"]
[PlyCount "100"]
[EventDate "2014.08.03"]
[EventType "swiss"]
[EventRounds "9"]
[EventCountry "SRB"]
[SourceTitle "CBM 162 Extra"]
[Source "ChessBase"]
[SourceDate "2014.10.17"]
[SourceVersion "1"]
[SourceVersionDate "2014.10.17"]
[SourceQuality "1"]

1. e4 c5 2. c3 Nf6 3. e5 Nd5 4. d4 cxd4 5. cxd4 e6 6. Nc3 Nxc3 7. bxc3 d6 8. exd6 Bxd6 9. Nf3 Nd7 10. Bd3 Nf6 11. Bg5 Bd7 12. Ne5 Bxe5 13. dxe5 Qa5 14. 0-0 Qxe5 15. Bxf6 Qxf6 16. Be4 Rd8 17. Qh5 b6 18. Rfd1 Ba4 19. Rxd8+ Qxd8 20. Qg4 0-0 21. Bxh7+ Kxh7 22. Qxa4 Qc7 23. Qe4+ Kg8 24. c4 Rd8 25. h4 Qc5 26. Re1 a5 27. Rb1 Rd4 28. Qa8+ Kh7 29. Rb5 Rd1+ 30. Kh2 Qxf2 31. Rh5+ Kg6 32. Rg5+ Kf6 33. Qe4 Re1 34. Qf3+ Qxf3 35. gxf3 Re2+ 36. Kg3 e5 37. Rh5 Rc2 38. Rh8 Rxc4 39. Rb8 Rb4 40. a3 Rb3 41. Kg4 Kg6 42. h5+ Kh7 43. Rb7 f6 44. Rb8 a4 45. Rb7 b5 46. Rb8 b4 47. axb4 a3 48. Ra8 Rxb4+ 49. Kg3 Kh6 50. Rxa3 Kxh5 0-1

[Event "Moscow Dvorkovich Cup U16 9th"]
[Site "Moscow"]
[Date "2014.07.03"]
[Round "5.7"]
[White "Stojiljkovic, Stefan Z"]
[Black "Bahmatsiy, Vladislav"]
[Result "0-1"]
[WhiteElo "2085"]
[BlackElo "2177"]
[PlyCount "132"]
[EventDate "2014.06.28"]
[EventType "team-tourn"]
[EventRounds "7"]
[EventCountry "RUS"]
[SourceTitle "CBM 161 Extra"]
[Source "ChessBase"]
[SourceDate "2014.08.29"]
[SourceVersion "1"]
[SourceVersionDate "2014.08.29"]
[SourceQuality "1"]
[WhiteTeam "Serbia U16"]
[BlackTeam "Ukraine U16"]
[WhiteTeamCountry "SRB"]
[BlackTeamCountry "UKR"]

1. e4 c5 2. c3 Nf6 3. e5 Nd5 4. d4 cxd4 5. cxd4 e6 6. Nc3 Nxc3 7. bxc3 Qc7 8. Bd2 b6 9. Nf3 Bb7 10. Bd3 d6 11. 0-0 Nd7 12. Bf4 dxe5 13. Nxe5 Nxe5 14. Bb5+ Bc6 15. Bxe5 Bd6 16. Qf3 Rc8 17. Bxc6+ Qxc6 18. d5 Qc5 19. dxe6 0-0 20. Bd4 Qc7 21. Qh3 Bc5 22. Rad1 Rce8 23. Rde1 Bxd4 24. cxd4 fxe6 25. Rxe6 Qc4 26. Rxe8 Rxe8 27. Qd7 Qf7 28. Qb5 Rd8 29. Re1 h6 30. Qb2 Qc4 31. Rd1 Re8 32. h3 Re2 33. Qb3 Qxb3 34. axb3 Rb2 35. d5 Kf8 36. d6 Ke8 37. Re1+ Kd7 38. Re7+ Kxd6 39. Rxa7 g5 40. Rh7 Rxb3 41. Rxh6+ Ke5 42. g3 b5 43. Kg2 b4 44. Rh5 Kf6 45. Rh6+ Ke5 46. g4 Rd3 47. Rg6 Kf4 48. Rf6+ Ke4 49. Rb6 b3 50. f3+ Kd4 51. Kf2 Kc3 52. Kg3 b2 53. h4 gxh4+ 54. Kxh4 Rxf3 55. Kh5 Rf1 56. g5 b1Q 57. Rxb1 Rxb1 58. g6 Kd4 59. g7 Rg1 60. Kh6 Ke5 61. Kh7 Kf6 62. g8N+ Ke6 63. Nh6 Rg5 64. Kh8 Kf6 65. Ng8+ Kg6 66. Ne7+ Kf7 0-1

[Event "Moscow Dvorkovich Cup U16 9th"]
[Site "Moscow"]
[Date "2014.06.30"]
[Round "3.11"]
[White "Stojiljkovic, Stefan Z"]
[Black "Polyantsev, Radzh"]
[Result "1/2-1/2"]
[WhiteElo "2085"]
[BlackElo "2071"]
[PlyCount "168"]
[EventDate "2014.06.28"]
[EventType "team-tourn"]
[EventRounds "7"]
[EventCountry "RUS"]
[SourceTitle "CBM 161 Extra"]
[Source "ChessBase"]
[SourceDate "2014.08.29"]
[SourceVersion "1"]
[SourceVersionDate "2014.08.29"]
[SourceQuality "1"]
[WhiteTeam "Serbia U16"]
[BlackTeam "Dvorkovich Chess Parlour U16"]
[WhiteTeamCountry "SRB"]
[BlackTeamCountry "RUS"]

1. e4 e6 2. d4 d5 3. Nd2 dxe4 4. Nxe4 Nd7 5. Nf3 Ngf6 6. Nxf6+ Nxf6 7. Bg5 Be7 8. Bd3 0-0 9. h4 Nd5 10. Bxe7 Qxe7 11. Qd2 c5 12. dxc5 Qxc5 13. 0-0-0 Bd7 14. Rh3 Bc6 15. Rg3 Qb4 16. Bxh7+ Kxh7 17. Rxg7+ Kxg7 18. Qg5+ Kh7 19. Qh5+ Kg7 20. Rd4 Qxd4 21. Qg5+ Kh7 22. Nxd4 Rg8 23. Qe5 Rae8 24. g4 f6 25. Qg3 e5 26. Nf5 Nf4 27. Qb3 Bd5 28. Qb5 Bc6 29. Qc4 Re6 30. Ne3 Rd8 31. b3 Rd7 32. Nf5 Re8 33. Kb2 a6 34. Qb4 Bd5 35. Ng3 Bf3 36. Ne4 Nd5 37. Qe1 Bxg4 38. Nc5 Rd6 39. Nxb7 Rd7 40. Nc5 Rd6 41. Nb7 Rd7 42. Nc5 Rdd8 43. Nb7 Nf4 44. Nxd8 Rxd8 45. Qa5 Rd6 46. Qc7+ Rd7 47. Qc6 Kg6 48. Qxa6 Rd2 49. Qa8 Rxf2 50. Qg8+ Kf5 51. a4 Ne6 52. Qh7+ Kf4 53. a5 Nd4 54. Qh6+ Ke4 55. a6 Rxc2+ 56. Ka3 Rc6 57. Qh7+ Kf4 58. a7 Ra6+ 59. Kb2 Bf3 60. h5 Nc6 61. h6 Be4 62. Qxe4+ Kxe4 63. h7 Nxa7 64. h8Q Re6 65. Qh1+ Kf4 66. Qf1+ Ke4 67. Qe2+ Kd5 68. Qc4+ Kd6 69. Qa6+ Nc6 70. b4 Kc7 71. b5 Nd8 72. Qa5+ Rb6 73. Ka3 Nb7 74. Qc3+ Kb8 75. Ka4 Ka7 76. Qf3 Rd6 77. Kb4 Rd4+ 78. Ka3 Rd6 79. Qf2+ Kb8 80. Qc2 Rb6 81. Kb4 Nd6 82. Kc5 Ka7 83. Qa2+ Kb7 84. Qg2+ Ka7 1/2-1/2